| Tag |
First Indicator |
Second Indicator |
Subfields |
| LEADER |
00000pam a2200000 i 4500 |
| 001 |
in00000397021 |
| 005 |
20151012052931.0 |
| 008 |
810106s1981 mnua j 00110 eng |
| 010 |
|
|
|a 80028180
|
| 020 |
|
|
|a 0822514532 (lib. bdg.) :
|c $7.95
|
| 035 |
|
|
|a (OCoLC)07206102
|
| 035 |
|
|
|9 ABU2512AM
|
| 039 |
0 |
|
|a 2
|b 3
|c 3
|d 3
|e 3
|
| 040 |
|
|
|a DLC
|c DLC
|d m.c.
|d TXA
|d UtOrBLW
|
| 049 |
|
|
|a [Curr Col] TXAM
|c [A09400628]
|
| 050 |
0 |
0 |
|a QL696.S473
|b J63
|
| 082 |
0 |
|
|a 598.4/41
|2 19
|
| 100 |
1 |
|
|a Johnson, Sylvia A.
|
| 245 |
1 |
0 |
|a Penguins /
|c by Sylvia A. Johnson.
|
| 264 |
|
1 |
|a Minneapolis :
|b Lerner Publications Co.,
|c 1981.
|
| 300 |
|
|
|a 48 pages :
|b color illustrations ;
|c 23 cm.
|
| 336 |
|
|
|a text
|b txt
|2 rdacontent
|
| 337 |
|
|
|a unmediated
|b n
|2 rdamedia
|
| 338 |
|
|
|a volume
|b nc
|2 rdacarrier
|
| 490 |
1 |
|
|a A Lerner natural science book
|
| 500 |
|
|
|a Adapted from the land of the penguins by Tetsuya Torii, originally published under title: Pengin no kuni.
|
| 500 |
|
|
|a Includes index.
|
| 520 |
|
|
|a Discusses the Adelie and emperor penguins that make their homes in Antarctica.
|
| 650 |
|
0 |
|a Adélie penguin
|x Juvenile literature.
|
| 650 |
|
0 |
|a Emperor penguin
|x Juvenile literature.
|
| 650 |
|
1 |
|a Adelie penguin.
|
| 650 |
|
1 |
|a Emperor penguin.
|
| 650 |
|
1 |
|a Penguins.
|
| 700 |
1 |
|
|a Torii, Tetsuya,
|d 1918-
|t Pengin no kuni.
|l English.
|
| 830 |
|
0 |
|a Lerner natural science book.
|
| 999 |
|
|
|a MARS
|
| 999 |
f |
f |
|s 94d47ee5-ec7c-37c5-ab78-a7853a0ee6b7
|i 65e019da-bdc6-3b89-a70e-dd0f9e5640da
|t 0
|
| 952 |
f |
f |
|p normal
|a Texas A&M University
|b College Station
|c Sterling C. Evans Library
|d Evans: Curriculum Collection (4th floor)
|t 0
|e QL696.S473 J63
|h Library of Congress classification
|i unmediated -- volume
|m A14809400628
|
| 998 |
f |
f |
|a QL696.S473 J63
|t 0
|l Evans: Curriculum Collection (4th floor)
|